000 00647nam a2200181 a 4500
008 120416s1978 ||||||||||||||||| || u
020 _a0070652155
050 _aHB 801 Tro
100 _aTroelstrup, Archie William
245 1 4 _aThe consumer in American society: personal and family finance. (6th ed.)
250 _a6th ed.
260 _aNew York
_bMcGraw-Hill
_c1978
300 _axxi, 567p. : ill.
350 _a0.00
650 _aCONSUMER EDUCATION
650 _aFINANCE, PERSONAL
995 _D0.00
_FCBU-MAIN LIBRARY (Kitwe)
_H1
_I12.35
_M1
_UAVAILABLE
_ZAnnex Low-Usage Collection
999 _c38600
_d38600